| 000 | 00562nam a22001937a 4500 | ||
|---|---|---|---|
| 003 | OSt | ||
| 005 | 20160903132919.0 | ||
| 008 | 160826b xxu||||| |||| 00| 0 eng d | ||
| 020 | _a0-07-240378-0 | ||
| 040 | _cLIC | ||
| 082 |
_22001 _aDC 150.076 _bSa5 |
||
| 100 |
_913774 _aSantrock, John W. |
||
| 245 |
_aStudent study guide to accompany psychology / _cJohn W. Santrock. |
||
| 250 | _aBrief Edition | ||
| 260 |
_aBoston: _bMcGraw-Hill, _cc2001. |
||
| 300 |
_avi, 216 pages; _c27 cm. |
||
| 650 | 0 |
_913775 _aPsychology -- Problems, exercises, etc |
|
| 942 |
_2ddc _cDC |
||
| 999 |
_c4168 _d4168 |
||